[Event "VIE-ch U17"]
[Site "Hanoi"]
[Date "2022.06.13"]
[Round "4"]
[White "Nguyen, Xuan Hien"]
[Black "Tran, Quoc Thinh"]
[Result "1-0"]
[WhiteElo "2297"]
[BlackElo "2279"]
[PlyCount "57"]
[EventDate "2022.06.11"]
[EventType "swiss"]
[EventRounds "7"]
[EventCountry "VIE"]
[SourceTitle "EXT 2023"]
[Source "ChessBase"]
[SourceDate "2022.10.05"]
[SourceVersion "1"]
[SourceVersionDate "2022.10.05"]
[SourceQuality "1"]

1. d4 d5 2. c4 Bf5 3. Nc3 e6 4. Nf3 Nf6 5. Bg5 Be7 6. Qb3 c6 7. e3 Qb6 8. c5 Qxb3 9. axb3 Nbd7 10. b4 0-0 11. b5 h6 12. Bh4 g5 13. Bg3 a5 14. b6 Be4 15. Nd2 Bc2 16. Be2 Ne4 17. Ndxe4 Bxe4 18. Nxe4 dxe4 19. Bc7 Nf6 20. Bc4 Nd5 21. Bxd5 exd5 22. Ra4 Ra6 23. Ke2 Bd8 24. Bxd8 Rxd8 25. b4 axb4 26. Rxa6 bxa6 27. Ra1 Ra8 28. Rxa6 Rxa6 29. b7 1-0

[Event "VIE-chT"]
[Site "Ho Chi Minh City"]
[Date "2019.09.30"]
[Round "7.41"]
[White "Le, Nhat Minh"]
[Black "Tran, Quoc Thinh"]
[Result "0-1"]
[WhiteElo "1902"]
[BlackElo "1893"]
[PlyCount "135"]
[EventDate "2019.09.26"]
[EventType "team-swiss"]
[EventRounds "9"]
[EventCountry "VIE"]
[SourceTitle "EXT 2020"]
[Source "ChessBase"]
[SourceDate "2019.10.17"]
[SourceVersion "1"]
[SourceVersionDate "2019.10.17"]
[SourceQuality "1"]

1. d4 d5 2. c4 e6 3. Nc3 c5 4. Nf3 Nc6 5. cxd5 exd5 6. dxc5 d4 7. Ne4 Bf5 8. Ng3 Bg4 9. Bf4 Bxf3 10. exf3 Bxc5 11. Bc4 Qe7+ 12. Be2 Bb4+ 13. Bd2 d3 14. 0-0 dxe2 15. Nxe2 0-0-0 16. Nc3 Bxc3 17. bxc3 Qd6 18. Be3 Nf6 19. Qb3 Qd5 20. c4 Qd3 21. Qa4 Qc3 22. Rab1 Qa5 23. Qxa5 Nxa5 24. Bxa7 Rd6 25. c5 Rc6 26. Rb5 Ra6 27. Bb6 Nc4 28. Rc1 Re8 29. h3 Nxb6 30. cxb6+ Kb8 31. Rb2 Rc8 32. Rxc8+ Kxc8 33. Rc2+ Kd7 34. Rc7+ Kd8 35. Rxb7 Nd7 36. Ra7 Rxb6 37. Ra8+ Rb8 38. Rxb8+ Nxb8 39. Kf1 Kd7 40. Ke2 Kc6 41. Kd3 Kd5 42. a4 f5 43. g3 g5 44. f4 gxf4 45. gxf4 Nd7 46. a5 h5 47. a6 Nc5+ 48. Ke3 Nxa6 49. Kf3 h4 50. Ke3 Nc5 51. Kf3 Kd4 52. Ke2 Ke4 53. f3+ Kxf4 54. Kf2 Nd3+ 55. Ke2 Ne1 56. Kxe1 Kxf3 57. Kf1 Kg3 58. Kg1 f4 59. Kf1 Kxh3 60. Kf2 Kg4 61. Kg2 h3+ 62. Kh2 Kf3 63. Kxh3 Ke2 64. Kg2 f3+ 65. Kg3 f2 66. Kg4 f1Q 67. Kg5 Qg2+ 68. Kf6 0-1

[Event "VIE-chT"]
[Site "Ho Chi Minh City"]
[Date "2019.09.27"]
[Round "3.39"]
[White "Tran, Quoc Thinh"]
[Black "Nguyen, Van Hung"]
[Result "0-1"]
[WhiteElo "1893"]
[BlackElo "1908"]
[PlyCount "122"]
[EventDate "2019.09.26"]
[EventType "team-swiss"]
[EventRounds "9"]
[EventCountry "VIE"]
[SourceTitle "EXT 2020"]
[Source "ChessBase"]
[SourceDate "2019.10.17"]
[SourceVersion "1"]
[SourceVersionDate "2019.10.17"]
[SourceQuality "1"]

1. e4 d5 2. exd5 Qxd5 3. Nc3 Qa5 4. d4 Nf6 5. Bd2 Bf5 6. Bc4 c6 7. Nd5 Qd8 8. Nxf6+ exf6 9. Bc3 Be6 10. Qe2 Qd7 11. 0-0-0 Be7 12. d5 cxd5 13. Bb5 Nc6 14. Nf3 0-0 15. Nd4 a6 16. Bxc6 bxc6 17. Rhe1 Bd6 18. Nxe6 Rfe8 19. Nc5 Bxc5 20. Qd2 Bd6 21. g3 Be5 22. f4 Bxc3 23. Qxc3 Qd6 24. Re3 Red8 25. Red3 h6 26. Qd2 Qc7 27. c4 Qb7 28. Rb3 Qc8 29. Rc3 dxc4 30. Qe2 Rxd1+ 31. Kxd1 Qd7+ 32. Qd2 Qxd2+ 33. Kxd2 Rd8+ 34. Ke3 Re8+ 35. Kf3 Rb8 36. Rc2 Kf8 37. Ke4 Ke7 38. Kd4 Ke6 39. Kc5 g5 40. fxg5 fxg5 41. Kxc6 Kf5 42. Kc7 Rb5 43. Rf2+ Kg4 44. Rc2 Kh3 45. a4 Rb4 46. a5 f5 47. Kd6 Rb5 48. Rxc4 Rxb2 49. Rc6 Rxh2 50. Rxa6 Kxg3 51. Ke5 f4 52. Rb6 Ra2 53. a6 f3 54. Ke4 f2 55. Rf6 Kg2 56. a7 f1Q 57. Rxf1 Kxf1 58. Kf3 Rxa7 59. Kg4 Ra4+ 60. Kg3 h5 61. Kh2 Rh4+ 0-1

[Event "VIE-chT"]
[Site "Ho Chi Minh City"]
[Date "2019.09.26"]
[Round "1.43"]
[White "Tran, Quoc Thinh"]
[Black "Nguyen, Tri Thien"]
[Result "0-1"]
[WhiteElo "1893"]
[BlackElo "1809"]
[PlyCount "66"]
[EventDate "2019.09.26"]
[EventType "team-swiss"]
[EventRounds "9"]
[EventCountry "VIE"]
[SourceTitle "EXT 2020"]
[Source "ChessBase"]
[SourceDate "2019.10.17"]
[SourceVersion "1"]
[SourceVersionDate "2019.10.17"]
[SourceQuality "1"]

1. d4 d5 2. c4 c6 3. Nc3 Nf6 4. Bg5 g6 5. Bxf6 exf6 6. Qc2 dxc4 7. Qe4+ Qe7 8. Qxe7+ Bxe7 9. d5 Bb4 10. e4 b5 11. Nge2 Bb7 12. a3 Ba5 13. 0-0-0 0-0 14. h4 Bb6 15. f3 a5 16. h5 b4 17. Na4 Be3+ 18. Kc2 Ba6 19. hxg6 hxg6 20. Ra1 Bb5 21. b3 Na6 22. Ng3 cxb3+ 23. Kxb3 Bxa4+ 24. Kb2 Bd4+ 25. Kc1 Bxa1 26. axb4 Nxb4 27. Bc4 cxd5 28. exd5 Rac8 29. Kb1 Rxc4 30. Ne4 Be5 31. g4 Nd3 32. Rh3 Bc2+ 33. Ka2 Ra4# 0-1